'The Son of Man' Parodies Quiz Stats

Quiz Updated Apr 18, 2016

Also try: Mona Lisa Parodies
Challenge
Share
Tweet
Score 0/20 Timer 05:00
3 Plays Today
% Correct
Homer Simpson - The Simpsons
98.5%
Bugs Bunny - Looney Tunes
98.4%
Darth Vader - Star Wars
98.1%
Leonardo - Teenage Mutant Ninja Turtles
97.8%
Superman
97.7%
Harry Potter
97.5%
Snow White - Snow White and the Seven Dwarfs
97.5%
Santa Claus
97.3%
Popeye the Sailor Man
97.1%
Indiana Jones - Raiders of the Lost Ark
97.1%
% Correct
Tin Man - The Wizard of Oz
97.1%
Cat in the Hat - Dr. Seuss
96.7%
The Joker - The Dark Knight
96.6%
SpongeBob SquarePants
95.6%
Cookie Monster - Sesame Street
93.7%
Power Ranger
90.9%
Lego Man
90.6%
Ash Ketchum - Pokémon
83.8%
Fozzie Bear - The Muppet Show
80.3%
The Dude - The Big Lebowski
77.9%

You're not logged in!

Compare scores with friends on all Sporcle quizzes.
Join for Free
OR
Log In

You Might Also Like...

Show Comments

Extras

Top Quizzes Today


Score Distribution

Your Account Isn't Verified!

In order to create a playlist on Sporcle, you need to verify the email address you used during registration. Go to your Sporcle Settings to finish the process.

Report this User

Report this user for behavior that violates our Community Guidelines.

Details: